Top 50 meistabonnierte deutschsprachige YouTube-Kanäle - Statistiken

Allgemein
  • Dieses Quiz wurde 201 mal gespielt
    39 seit der letzten Aktualisierung
  • Das Durchschnittsergebnis liegt bei 21 aus 51
Antwortstatistiken
Abos in Mio. Content Erfolgreichstes Video Jahr YouTuber % Korrekt
5,74 Beauty 10 ARTEN VON PÄRCHEN + Outtakes 2013 BibisBeautyPalace
93%
2,19 Unterhaltung 1-Wort Challenge mit Julio Beautx & Renzo (leider zu asozial geworden) 2019 Bulien Jam
90%
6,22 Comedy, Musik _____ ___ - Mach die Robbe feat. die Robbe (Offizielles Musikvideo) 2017 Julien Bam
90%
5,66 Gaming ICH BIN EIN MÖRDER! 2016 Paluten
87%
5,02 Gaming Let's Play Minecraft #001 [Deutsch] [HD] - Alles auf Anfang 2010 Gronkh
77%
3,86 Unterhaltung ICH HABE BIBI GEPRANKT | Die gemeinsten Pranks :D 2015 Julienco
77%
3,58 Reactions DAS IST NICHT DEIN ERNST!? (Fidget Spinner Sammlung) | _______ 2017 ungespielt
77%
2,23 Reactions,Vlogs ______ ÜBERWÄLTIGT!😱 Zu Besuch bei JP Performance | ___________ IRL 2024 Die Crew
73%
2,82 Gaming XXL Cold War Zombie mit ELOTRIX und @xTheSolution 2020 SpontanaBlack
73%
3,83 Comedy SANDRA IN DER SCHULE 2012 Freshtorge
67%
3,43 Unterhaltung,Vlogs FORTNITE AUSRASTER bringt mich in die KRANKENHAUS NOTAUFNAHME.. 2018 rewinside
63%
3,89 Unterhaltung PROBLEME unter Geschwistern - mit Julien Bam | ___ ___ 2015 Dagi Bee
60%
3,75 Gaming DER MANN DER VOM DACH SPRANG! 2017 GermanLetsPlay
60%
2,66 Kochen,Unterhaltung Komm Wieder - ____ _____ (DANCE) 2019 Julia Beautx
53%
5,59 Unterhaltung 😳 ER HAT UNS BEDROHT 2017 laserluca
53%
3,06 Comedy,Musik Der Letzte Sommer 2012 YTITTY
53%
3,54 Unterhaltung _______ - ICH TRAU MICH NICHT 2013 ApeCrime
50%
2,19 Unterhaltung Der BODEN ist LAVA Challenge! 2016 ApeCrimeTV
50%
2,47 Gaming,Vlogs 😱🏆Der beste Fortnite Spieler der Welt!! | Fortnite Solo WM! 2019 Trymacs
50%
3,20 Reisen ___Style 5.0 2014 Felix von der Laden
47%
4,13 Unterhaltung,Lifestyle 7 ARTEN VON POOLGÄSTEN 💦😝 | mit Special Guest 2016 Simon Desue
43%
2,20 Bildung Der unglaubliche Betrug bei “Wer wird Millionär?” 2022 Simplicissimus
43%
2,62 Musik,Comedy ___ ______ - LIEBLINGSLIED (Offizielles Video) | BEREIT FÜR ‪@YouAreHero‬ ? 2016 DieLochis
40%
4,06 Gaming GTA 5 Kind klärt sich ein Mädchen! 😍 2020 iCrimax
40%
2,59 Unterhaltung,Food Tests WER NIMMT SCHNELLER ZU IN 24 STUNDEN CHALLENGE !!! | _____ und _____ 2019 Kelvin und Marvin
40%
2,39 Unterhaltung,Musik ____ ______ - Copacabana 🌴☀️ (Official Video) 2018 Leon Machère
40%
2,82 Reisen,Outdoor Madeira zu Fuß komplett überqueren Extended 2021 Fritz Meinecke
37%
2,74 Unterhaltung SO WIE PAINT feat. UnsympathischTV (Official Video) 2016 inscope21
33%
3,61 Gaming das glas war zu dünn... ? (react) 2018 Standart Skill
33%
2,79 Unterhaltung EIN ANDERES WORT FÜR!! 2017 unsympathischTV
33%
2,30 Unterhaltung Mein Bruder Herbert 2009 DieAussenseiter
30%
2,49 Gaming,Faktenvideos Dieser Song ist SCHLIMMER als Bibi's "How It Is"!! 2017 iBlali
30%
3,13 Minecraft,Unterhaltung McDonalds PRANK | JEDES MAL NUR 1 CHEESEBURGER BESTELLEN! 2017 AviveHD
27%
2,49 Bildung Was passiert, wenn man alle Atombomben auf einmal zündet? 2019 Dinge Erklärt – Kurzgesagt
27%
2,87 Gaming Unendlich Oliven Bug | Cooking Simulator - Pizza DLC 2020 HandOfBlood
27%
2,71 News,Musik Das Interview mit Angela Merkel - #NetzFragtMerkel 2015 LeFloid
27%
2,35 Bildung Was wäre, wenn Hitler den Krieg gewonnen hätte? 2018 MrWissen2go
27%
2,36 Bildung R.I.P. Josi - Wie ist das MAGERSÜCHTIG ZU SEIN? 2020 Leeroy will's wissen!
23%
2,50 Unterhaltung,Gaming *OMG* 4 BRAWLER IN 1 MEGA BOX! 😱 MEGA BOX OPENING BATTLE! 3x LEGENDÄRER BRAWLER! Brawl Stars deutsch 2020 LukasBS
23%
2,47 Gaming Let's Play Minecraft Adventure-Maps #001 [Deutsch] [HD] - Trapp3d 2011 PietSmiet
23%
2,79 Gaming EXTREM HEIß oder EXTREM KALT (CHALLENGE) 2021 Arazhul
20%
2,26 Gaming 200 MILLIARDEN SHADE OP WAFFE | LUCKY BLOCKS TOWER 2017 Benx
20%
2,28 Faktenvideos 10 Männer - Die so wirklich existieren! 2016 Made My Day
20%
2,94 Meinung Meine Pläne für den Abend 2017 JONAS
13%
2,94 Trailer The Amazing Spider-Man Baby Dance 2014 KinoCheck
10%
2,38 Reactions junge küsst mädchen während sie schluss macht, blamiert sich extrem.. 2018 Markey
10%
2,37 Unterhaltung mein BRUDER ist ERTRUNKEN | Storytime & Realtalk 2016 Rebekah Wing
10%
3,39 Roblox AUSBRUCH aus BARRY'S GEFÄNGNIS in BROOKHAVEN! (Roblox Brookhaven 🏡RP | Story Deutsch) 2022 LAMI
7%
3,55 Shorts,VLOGs Schlucken aber nicht gucken #shorts #viral #_______ #foryou 2022 Hakim
3%
3,09 Waffen Katana Mythbusting Extreme 2016 JoergSprave
3%
3,96 Workout 15 Min. Full Body Stretch | Daily Routine for Flexibility, Mobility & Relaxation | DAY 7 2020 Mady Morrison
3%
Keine übereinstimmenden Quizze gefunden
Verteilung der Resultate
Anzahl Personen mit jedem Resultat
Perzentil nach korrekt beantworteten Fragen
Ihre Resultats-Entwicklung
Sie haben dieses Quiz seit der letzten Aktualisierung nicht gespielt